Ürümqi Tianshan International Airport Destinations (Ürümqi, China) - Statistics

General Stats
  • This quiz has been taken 86 times
    31 since last reset
  • The average score is 43 of 124
Answer Stats
Airline Destination % Correct
Air China/Hainan Airlines/Sichuan Airlines Beijing (Capital)
96%
Beijing Capital Airlines/China Eastern Airlines/China Southern Airlines/China United Airlines/XiamenAir Beijing (Daxing)
96%
China Eastern Airlines/China Southern Airlines/Hainan Airlines/Juneyao Airlines/Shanghai Airlines/Spring Airlines Shanghai (Hongqiao)
96%
Air China/China Eastern Airlines/China Southern Airlines/Juneyao Airlines/Shanghai Airlines/Sichuan Airlines/Tianjin Airlines/Urumqi Air Shanghai (Pudong)
96%
China Southern Airlines/FlyArystan Astana
91%
Air China/Chengdu Airlines/Hainan Airlines/Sichuan Airlines Chengdu (Shuangliu)
91%
Air China/China Southern Airlines/Hainan Airlines/Lucky Air/Shanghai Airlines/Sichuan Airlines/Tianjin Airlines/Urumqi Air Chengdu (Tianfu)
91%
Air China/China Southern Airlines/Chongqing Airlines/Hainan Airlines/Sichuan Airlines/Tianjin Airlines/West Air Chongqing
91%
Cathay Pacific/China Southern Airlines/Hong Kong Airlines/Urumqi Air Hong Kong
91%
Air China/China Southern Airlines/Okay Airways/Tianjin Airlines/XiamenAir Tianjin
91%
Air China/China Eastern Airlines/China Southern Airlines/Hainan Airlines/Shandong Airlines/Tianjin Airlines/Urumqi Air/XiamenAir Wuhan
91%
Air Astana/China Southern Airlines Almaty
87%
Air China/China Southern Airlines Moscow (Sheremetyevo)
87%
Korean Air Seoul (Incheon)
87%
China Southern Airlines/Hainan Airlines/Shenzhen Airlines/Suparna Airlines Shenzhen
87%
China Southern Airlines Bishkek
83%
9 Air/Air China/China Eastern Airlines/China Southern Airlines/Hainan Airlines/Urumqi Air Guangzhou
83%
China Southern Airlines/Hainan Airlines/Qingdao Airlines/Shandong Airlines/Tianjin Airlines Qingdao
83%
Air China/China Southern Airlines/Uzbekistan Airways Tashkent
83%
China Eastern Airlines/China Southern Airlines/Hainan Airlines/Jiangxi Air/Okay Airways/Sichuan Airlines/Spring Airlines/Tianjin Airlines Xi'an
83%
Air China/Beijing Capital Airlines/China Eastern Airlines/China Southern Airlines/Hainan Airlines/Loong Air/Shandong Airlines/Sichuan Airlines/Tianjin Airlines/Urumqi Air/XiamenAir Hangzhou
78%
China Southern Airlines Istanbul
78%
Ariana Afghan Airlines Kabul
78%
Beijing Capital Airlines/China Eastern Airlines/China Southern Airlines/Hainan Airlines/Shandong Airlines/Urumqi Air Nanjing
78%
Beijing Capital Airlines/China Southern Airlines/Hainan Airlines/Shandong Airlines/XiamenAir Xiamen
78%
China Southern Airlines Ashgabat
74%
Shandong Airlines/Urumqi Air Bangkok (Suvarnabhumi)
74%
China Southern Airlines Dubai (International)
74%
China Southern Airlines/Somon Air Dushanbe
74%
Sichuan Airlines Lhasa
74%
China Southern Airlines Dalian
70%
China Southern Airlines Tehran (Imam Khomeini)
70%
China Southern Airlines Baku
65%
China Southern Airlines/Shandong Airlines/Urumqi Air/XiamenAir Fuzhou
65%
China Eastern Airlines/China Southern Airlines/Lucky Air/Shandong Airlines/Sichuan Airlines Kunming
61%
Beijing Capital Airlines/China Southern Airlines/Hainan Airlines/Lucky Air/Shandong Airlines/Shanghai Airlines/Sichuan Airlines/Tianjin Airlines/Urumqi Air/West Air/XiamenAir Zhengzhou
61%
China Southern Airlines/Hainan Airlines/Okay Airways/Tianjin Airlines/Urumqi Air/XiamenAir Changsha
57%
China Southern Airlines/Hainan Airlines Shenyang
57%
China Southern Airlines/Urumqi Air Wenzhou
57%
China Southern Airlines/Hainan Airlines/Urumqi Air Haikou
52%
China Eastern Airlines/China Southern Airlines Hefei
52%
China Southern Airlines/Sichuan Airlines/Urumqi Air Nanning
52%
China Southern Airlines Islamabad
48%
China Southern Airlines/Hainan Airlines/Shandong Airlines/Spring Airlines/Tianjin Airlines Ningbo
43%
China Southern Airlines Changchun
39%
China Southern Airlines/Hainan Airlines Hohhot
39%
China Southern Airlines Kuala Lumpur (International)
39%
China Southern Airlines/Hainan Airlines/Qingdao Airlines/Shandong Airlines/Shanghai Airlines/Shenzhen Airlines/Sichuan Airlines/Spring Airlines/Urumqi Air Lanzhou
39%
Beijing Capital Airlines/China Southern Airlines/Hebei Airlines/Spring Airlines Shijiazhuang
39%
China Southern Airlines Yerevan
39%
China Southern Airlines/Hainan Airlines/Shandong Airlines/XiamenAir Jinan
35%
Shandong Airlines Osaka (Kansai)
35%
Air China/China Southern Airlines Tbilisi
35%
China Southern Airlines/Tianjin Airlines Guiyang
30%
China Southern Airlines/Hainan Airlines/Sichuan Airlines/Tianjin Airlines Sanya
30%
China Eastern Airlines Wuxi
30%
Air China/Chengdu Airlines/China Eastern Airlines/China Southern Airlines/Hainan Airlines/Lucky Air/Shandong Airlines/Sichuan Airlines/Tianjin Airlines/Urumqi Air Kashgar
26%
Jiangxi Air Nanchang
26%
China Eastern Airlines/China Southern Airlines/Hainan Airlines/Shandong Airlines Taiyuan
26%
Tianjin Airlines Yantai
26%
Tianjin Airlines Huizhou
22%
Urumqi Air Luoyang
22%
Air China/Sichuan Airlines/Tianjin Airlines Xining
22%
Uzbekistan Airways Fergana
17%
Air China/China Southern Airlines/Hainan Airlines/Shandong Airlines/Shanghai Airlines/Tianjin Airlines/Urumqi Air Hotan
17%
Urumqi Air Huai'an
17%
China Southern Airlines Osh
17%
Sichuan Airlines Sydney
17%
Loong Air Xuzhou
17%
Loong Air/Okay Airways/Shandong Airlines/Tianjin Airlines/XiamenAir Yinchuan
17%
China Southern Airlines/Tianjin Airlines Zhuhai
17%
China Southern Airlines/Tianjin Airlines Altay
13%
Tianjin Airlines Dunhuang
13%
Tianjin Airlines Hami
13%
Air China/China Southern Airlines Aksu
9%
Tianjin Airlines Lianyungang
9%
Sichuan Airlines Luzhou
9%
China Southern Airlines/Qingdao Airlines Nanyang
9%
SCAT Airlines Şymkent
9%
Tianjin Airlines Xiangyang
9%
Tianjin Airlines Yancheng
9%
China Eastern Airlines/China Southern Airlines/Tianjin Airlines Yining
9%
Urumqi Air Yulin (Shaanxi)
9%
Urumqi Air Zhanjiang
9%
GX Airlines Fuyang
4%
China Southern Airlines/Tianjin Airlines Fuyun
4%
Tianjin Airlines Hengyang
4%
9 Air Jiayuguan
4%
Sichuan Airlines Jieyang
4%
Chengdu Airlines/China Southern Airlines Karamay
4%
Somon Air Khujand
4%
China Southern Airlines/Shenzhen Airlines/Tianjin Airlines Korla
4%
Sichuan Airlines/Urumqi Air Mianyang
4%
Lucky Air Ngari (Gunsa)
4%
Urumqi Air/XiamenAir Quanzhou
4%
Tianjin Airlines Ruoqiang
4%
China Southern Airlines Shache
4%
Tianjin Airlines Shiyan
4%
Tianjin Airlines Wanzhou
4%
Spring Airlines/Urumqi Air Yangzhou
4%
Tianjin Airlines Yichang
4%
China Southern Airlines/Urumqi Air Yutian
4%
Tianjin Airlines Ankang
0%
Tianjin Airlines Aral
0%
Chengdu Airlines Barkol
0%
Urumqi Air Bazhong
0%
Sichuan Airlines Beihai
0%
China Southern Airlines/Tianjin Airlines Bole
0%
Urumqi Air Dazhou
0%
Sichuan Airlines Guangyuan
0%
Urumqi Air Hanzhong
0%
China Southern Airlines Kanas
0%
China Southern Airlines/Hainan Airlines/Tianjin Airlines Kuqa
0%
Urumqi Air Longnan
0%
Tianjin Airlines Nalati
0%
Tianjin Airlines Nanchong
0%
Urumqi Air Qingyang
0%
China Southern Airlines/Tianjin Airlines Tacheng
0%
China Southern Airlines Tashkurgan
0%
China Southern Airlines Tumxuk
0%
Sichuan Airlines Yibin
0%
China Southern Airlines Yiwu
0%
Air China Yuncheng
0%
Tianjin Airlines Zhaosu
0%
No matching quizzes found
Score Distribution
Percent of People with Each Score
Percentile by Number Answered
Your Score History
You have not taken this quiz since the last reset